| 000 | 00389 a2200169 4500 | ||
|---|---|---|---|
| 001 | 184299 | ||
| 020 | _a85-7442-004-2 | ||
| 040 | _cMagnum | ||
| 100 | _aCamargos, Magarida Diniz Melo | ||
| 240 | 1 | 0 |
_aPorque os peixes morrem? _lpor |
| 245 | 1 | 0 | _aPorque os peixes morrem? |
| 300 | _a23 | ||
| 362 | 0 | _a1999 | |
| 440 | 1 | _aMiguilim | |
| 697 | _aLITERATURA INFANTO-JUVENIL | ||
| 942 | _cBK | ||
| 999 |
_c184299 _d184299 |
||